| 000 | 00363nam a22001457a 4500 | ||
|---|---|---|---|
| 003 | OSt | ||
| 005 | 20160727222345.0 | ||
| 008 | 160621b xxu||||| |||| 00| 0 eng d | ||
| 040 | _cTEST | ||
| 100 |
_9210 _aBond, M., et al |
||
| 245 |
_aPaddington's _bPicture book |
||
| 260 |
_aG.B.Wm.collin & sons&co. _c1975 |
||
| 300 | _aPaddington's.Picture book | ||
| 942 |
_2ddc _cBK |
||
| 999 |
_c168 _d168 |
||